005690000a22001570004500090001400000245005700014650002400071650003300095650002200128041001300150100003000163942001300193773003500206999001700241952015300258 aARb0124410aInsects in fragmented forests: a functional approach14aEntomología9448314aFragmentos de Bosques99452114aEcología9922500 aInglés1 aDidham, Raphael K.994522 cARTICULO1 tTree330h6q255-260d1996g11 c10330d10330 00102ddc40718HEMEROTECAaVillabVillad2015-02-27hFuera de circulaciónl0oAR 01244pAUTO_15677r2015-03-25 00:00:00t1w2015-03-25yARTICULO